00825 2200229 4500001002100000005001700021008004100038035002500079040001200104082001600116084002100132100002300153245018800176260006200364300003100426500005200457504002500509650001700534700001400551850001200565990001800577INLIS00000000000961120150812120227.0  a0010-081500000001049 aYOPDYOG 223a612.664 aSK 612.664 Kur P aKURNIA Nursofianti aPengaruh bimbingan tentang teknik menyusui terhadap tingkat kemandirian menyusui pada ibu postpartum di bangsal nifas RSU PKU Muhammadiyah Bantul Yogyakarta 2005c/ Kurnia Nursofianti aYogyakartabSekolah Tinggi Ilmu Kesehatan 'Aisyiyahc2005 axii, 53 lembarc; 29,5 cm. aKarya Tulis Ilmiah Program Studi DIII Kebidanan aBibliografi: hlm. 53 aAir susu ibu aANJARWATI aYOPDYOG a47780-PD/A.15